000 00420nam a2200145Ia 4500
008 240729s9999 xx 000 0 und d
022 _a2722-9696
245 0 _aJournal of Innovation in Educational and Cultural Research
260 _aIndonesia
260 _bYayasan Keluarga Guru Mandiri
650 _aEducation
856 _uhttps://doaj.org/toc/cc0a8273efe844c2a571583479468c2b
942 _2ddc
942 _cDOAJEJ
999 _c68684
_d68684
945 _a1
_bMadushi Gamage
_c1
_dMadushi Gamage